Meilleurs Buteurs du "Big Five" Européen de Football depuis 2010 - Statistiques

Statistiques générales
  • Ce quiz a été pris 881 fois
    432 depuis la dernière actualisation
  • Le résultat moyen est 21 sur 40
Statistiques - réponses
Réponse % Correct
Cristiano Ronaldo
98%
K. Mbappé / W. Ben Yedder
98%
Kylian Mbappé
98%
Lionel Messi
98%
Robert Lewandowski
93%
M. Salah / H. Son
91%
M. Salah / S. Mané / P. Aubameyang
91%
Erling Haaland
90%
Mohamed Salah
90%
Harry Kane
89%
O. Dembélé / M. Greenwood
84%
Edinson Cavani
79%
Luis Suarez
78%
Zlatan Ibrahimovic
78%
Karim Benzema
76%
Lautaro Martinez
62%
Olivier Giroud
62%
Sergio Agüero
62%
Alexandre Lacazette
56%
Ciro Immobile
56%
Pierre-Emerick Aubameyang
47%
Jamie Vardy
43%
Robin van Persie
36%
Gonzalo Higuain
35%
Victor Osimhen
35%
Didier Drogba
34%
Artem Dovbyk
27%
D. Berbatov / C. Tevez
27%
Mario Gomez
26%
Mateo Retegui
26%
Moussa Sow
22%
Edin Dzeko
20%
Mamadou Niang
19%
Mauro Icardi
18%
Fabio Quagliarella
15%
Antonio Di Natale
14%
Niclas Füllkrug
11%
Klaas-Jan Huntelaar
6%
Stefan Kiessling
5%
Alexander Meier
4%
Aucun quiz correspondant
Distribution des résultats
% des personnes avec chaque résultat
Percentile par nombre de réponses
Votre historique - résultats
Vous n’avez pas pris ce quiz depuis la dernière actualisation